Statistics for Egypt see what you know!!!

Click here to take the quiz!

General Stats

  • This quiz has been taken 241 times
    (174 since last reset)
  • The average score is 7 of 10

Answer Stats

HintAnswer% Correct
did Tutankhamen die in BC 1323 true or falsetrue
93%
ramous 2 built lots of temples true or falsetrue
93%
what were big triangle r temple things called ?pyramids
90%
what was the river called?river nile
90%
what were kings calledpharohs
85%
what king was the sun god?ra
78%
what were at the bottom of the importance line?slaves
34%
who took over Egypt ?romans
32%
who guarded pyramids?sphinx
32%
what did they write inhieroglyphics
31%

Score Distribution

Percentile by Number Answered

Percent of People with Each Score

Your Score History

You have not taken this quiz since the last reset